[Event "Warren (MCO/2/20)"]
[Site "?"]
[Date "1986.??.??"]
[Round "?"]
[White "DeJongh, John"]
[Black "Smith, Michael R"]
[Result "1/2-1/2"]
[WhiteElo "1730"]
[BlackElo "2000"]
[PlyCount "82"]
[EventDate "1986.??.??"]

{2/(20)} 1. d4 Nf6 2. c4 e6 3. Nc3 Bb4 4. a3 Bxc3+ 5. bxc3 d5 6. e3 O-O 7. Nf3
c5 8. Be2 Nc6 9. O-O dxc4 10. Bxc4 Qc7 11. Bd3 e5 12. dxe5 Nxe5 13. Nxe5 Qxe5
14. Qc2 b6 15. f3 Bb7 16. Re1 Rfd8 17. Bb2 h6 18. c4 Qe7 19. Bxf6 Qxf6 20. Rad1
Rd6 21. Bh7+ Kh8 22. Rxd6 Qxd6 23. Rd1 Qe7 24. Be4 Bxe4 25. fxe4 Re8 26. Rf1 f6
27. Rf4 g5 28. Rf5 Qxe4 29. Qxe4 Rxe4 30. Rxf6 Rxe3 31. Rxh6+ Kg7 32. Rh3 Rxh3
33. gxh3 Kf6 34. Kf2 Ke5 35. Ke3 a6 36. a4 a5 37. h4 gxh4 38. h3 Kf5 39. Kf3
Ke5 40. Ke3 Kf5 41. Kf3 Ke5 1/2-1/2

[Event "Warren (MCO/6/31)"]
[Site "?"]
[Date "1986.??.??"]
[Round "?"]
[White "DeJongh, John"]
[Black "Kezele, P.."]
[Result "1-0"]
[WhiteElo "1730"]
[BlackElo "1605"]
[PlyCount "93"]
[EventDate "1986.??.??"]

{6/(31)} 1. d4 Nf6 2. c4 c5 3. Nf3 cxd4 4. Nxd4 g6 5. Nc3 Bg7 6. e3 d6 7. Bd3
Nc6 8. O-O O-O 9. b3 a6 10. Bb2 Nxd4 11. exd4 Rb8 12. Qd2 Bd7 13. Rfe1 b5 14.
cxb5 axb5 15. b4 Bc6 16. Qe2 e6 17. h3 Nd7 18. Nxb5 Bxb5 19. Bxb5 d5 20. Bxd7
Qxd7 21. Rac1 f5 22. Rc5 Qe7 23. Ra1 Rb6 24. Rac1 Bh6 25. R1c2 Rb7 26. Rc8 Bg7
27. Rxf8+ Bxf8 28. g3 Qd6 29. Bc1 h6 30. Bf4 Qb6 31. Be5 Qa7 32. Qe3 Kf7 33.
Rc6 Qa4 34. Rc7+ Rxc7 35. Bxc7 Qd7 36. Be5 g5 37. Qe2 Bd6 38. Qh5+ Ke7 39. Bg7
Kd8 40. Bxh6 Be7 41. Bxg5 Qa7 42. Bxe7+ Qxe7 43. Qh4 e5 44. Qxe7+ Kxe7 45. dxe5
Ke6 46. f4 d4 47. Kf1 1-0

[Event "Warren (MCO/4/13)"]
[Site "?"]
[Date "1986.??.??"]
[Round "?"]
[White "DeJongh, John"]
[Black "Everett, Morgan"]
[Result "0-1"]
[WhiteElo "1730"]
[BlackElo "2050"]
[PlyCount "50"]
[EventDate "1986.??.??"]

{4/(13)} 1. e4 e5 2. Nf3 Nc6 3. Bc4 Nf6 4. O-O Bc5 5. Re1 d6 6. c3 Bb6 7. d4
Qe7 8. d5 Nd8 9. Na3 h6 10. Nc2 O-O 11. Bb3 Ng4 12. Ne3 Bxe3 13. Bxe3 f5 14.
exf5 Bxf5 15. h3 Nxe3 16. Rxe3 Qf6 17. Nh2 Nf7 18. Bc2 Ng5 19. Bxf5 Qxf5 20. f3
Qg6 21. Qe2 Nxh3+ 22. Kf1 Nf4 23. Qd2 Qg3 24. Kg1 Rf5 25. Qe1 Qxg2# 0-1

[Event "Monroe (MI Op/3/30)"]
[Site "?"]
[Date "1986.??.??"]
[Round "?"]
[White "Dautremont, J.."]
[Black "Turner, Darrell"]
[Result "0-1"]
[WhiteElo "1605"]
[BlackElo "1855"]
[PlyCount "64"]
[EventDate "1986.??.??"]

{3/(30)} 1. e3 e5 2. c4 Nf6 3. d4 exd4 4. exd4 d5 5. Nf3 Bb4+ 6. Bd2 Qe7+ 7.
Be2 dxc4 8. Qa4+ Nc6 9. O-O O-O 10. Re1 Bxd2 11. Nbxd2 Qb4 12. Qc2 b5 13. Ne4
Qe7 14. Ng3 Qd6 15. Rad1 Qf4 16. d5 Nb4 17. Qb1 Nbxd5 18. Rd4 Qd6 19. Red1 h6
20. Nh4 c5 21. Ngf5 Bxf5 22. Nxf5 Qe5 23. Rh4 Qxe2 24. Nxh6+ gxh6 25. Re1 Qd3
26. Qc1 Rfe8 27. Rd1 Qe2 28. h3 Re4 29. Qxh6 Qxd1+ 30. Kh2 Rxh4 31. Qg5+ Kf8
32. Qxh4 Ke7 0-1

[Event "Monroe (RVO/2/18)"]
[Site "?"]
[Date "1986.??.??"]
[Round "?"]
[White "Dautremont, J.."]
[Black "Smith, Les L"]
[Result "0-1"]
[WhiteElo "1605"]
[BlackElo "1920"]
[PlyCount "63"]
[EventDate "1986.??.??"]

{2/(18)} 1. e3 f5 2. Nf3 Nf6 3. c4 e6 4. Be2 d5 5. O-O Bd6 6. Nc3 c6 7. Ng5 O-O
8. f4 Qe8 9. d3 Nbd7 10. a3 a5 11. b3 e5 12. Bb2 exf4 13. exf4 Bxf4 14. Rxf4
Qe3+ 15. Rf2 Qxg5 16. Bc1 Qg6 17. Bf4 d4 18. Nb1 Re8 19. Rf3 Nc5 20. Rg3 Qf7
21. Nd2 Ne6 22. Be5 f4 23. Rh3 Ng5 24. Rh4 Rxe5 25. Rxf4 c5 26. Qf1 Qg6 27. h4
Nh3+ 28. Kh1 Nxf4 29. Qxf4 Rxe2 30. Rg1 Bd7 31. Nf3 Bc6 32. h5 0-1

[Event "Monroe (MI Op/1a/15)"]
[Site "?"]
[Date "1986.??.??"]
[Round "?"]
[White "Dautremont, J.."]
[Black "Hankinson, Chris"]
[Result "0-1"]
[WhiteElo "1605"]
[BlackElo "2025"]
[PlyCount "74"]
[EventDate "1986.??.??"]

1. e3 e5 2. c4 Nf6 3. d4 exd4 4. exd4 d5 5. Nc3 Be7 6. Nf3 Bf5 7. Ne5 c6 8. g4
Be4 9. f3 Bg6 10. h4 h5 11. g5 Nfd7 12. Nxg6 fxg6 13. c5 O-O 14. Bd3 Qe8 15.
O-O b6 16. cxb6 axb6 17. Qc2 Kh7 18. f4 Na6 19. a3 Nb4 20. Qb1 Nxd3 21. Qxd3
Qf7 22. Ne2 Qf5 23. Qf3 Bd6 24. Ng3 Qh3 25. Rf2 Qxh4 26. Rh2 Qxg5 27. Kh1 Bxf4
28. Bxf4 Qxf4 29. Qg2 Qf3 30. Kg1 Qxg2+ 31. Kxg2 Rf4 32. Rah1 Nf6 33. Ne2 Re4
34. Kf3 Rf8 35. Nf4 Ng4 36. Rxh5+ gxh5 37. Rxh5+ Nh6 0-1

[Event "Monroe (MI Op/4/29)"]
[Site "?"]
[Date "1986.??.??"]
[Round "?"]
[White "Dautremont, J.."]
[Black "Conley, Steve"]
[Result "0-1"]
[WhiteElo "1605"]
[BlackElo "1845"]
[PlyCount "60"]
[EventDate "1986.??.??"]

{4/(29)} 1. e3 e5 2. c4 Nf6 3. d4 exd4 4. exd4 d5 5. Bg5 Be7 6. Nf3 O-O 7. Ne5
Re8 8. Bd3 h6 9. Be3 Bd6 10. O-O Bxe5 11. dxe5 Rxe5 12. Qc2 d4 13. Bf4 Re7 14.
Nd2 c5 15. h3 Nc6 16. a3 Ne5 17. Bxe5 Rxe5 18. f4 Re3 19. Nf3 Qc7 20. Ne5 Be6
21. Rf3 Rxf3 22. gxf3 Bxh3 23. Kh2 Be6 24. Re1 Re8 25. f5 Bxf5 26. f4 Bxd3 27.
Qxd3 Ng4+ 28. Kg3 Nxe5 29. Qf1 Qb8 30. Rd1 Ng6 0-1

[Event "Warren (MCO/6/12)"]
[Site "?"]
[Date "1986.??.??"]
[Round "?"]
[White "Daniel, Aaron"]
[Black "Turner, D.."]
[Result "1-0"]
[WhiteElo "2100"]
[BlackElo "1855"]
[PlyCount "99"]
[EventDate "1986.??.??"]

{6/(12)} 1. e4 c6 2. d4 d5 3. e5 Bf5 4. f4 e6 5. Nf3 Nd7 6. c3 Be7 7. Be3 h5 8.
Nbd2 Nh6 9. h3 Bh4+ 10. Bf2 Bxf2+ 11. Kxf2 Bg6 12. Be2 Nf5 13. Re1 h4 14. Bd3
Nxd4 15. Bxg6 Nxf3 16. Bxf7+ Kxf7 17. Nxf3 Qb6+ 18. Kf1 Rh6 19. Ng5+ Kg8 20.
Re2 Rf8 21. Qd2 Rg6 22. Nf3 Rh6 23. b4 c5 24. a3 Qc7 25. Kg1 Nb6 26. Rf1 cxb4
27. axb4 Nc4 28. Qc1 Qf7 29. Ng5 Qf5 30. Rf3 a6 31. Qd1 Ra8 32. Kh2 Kf8 33. Qa4
b5 34. Qd1 Ke7 35. Qd4 Rhh8 36. Qc5+ Kd7 37. Qd4 Ke7 38. Ra2 Rhc8 39. Rf1 Rc6
40. Qf2 Qd3 41. Nf3 Ne3 42. Qxh4+ Kd7 43. Rfa1 Rxc3 44. Rxa6 Rxa6 45. Rxa6 Nf5
46. Qh5 Nh6 47. Rd6+ Ke7 48. Qg5+ Kf8 49. Rd8+ Kf7 50. Rd7+ 1-0

[Event "Warren (MCO/2/13)"]
[Site "?"]
[Date "1986.??.??"]
[Round "?"]
[White "Daniel, Aaron"]
[Black "Hobbs, Raymond"]
[Result "1-0"]
[WhiteElo "2100"]
[BlackElo "1780"]
[PlyCount "91"]
[EventDate "1986.??.??"]

{2/(13)} 1. d4 Nf6 2. c4 g6 3. Nc3 Bg7 4. e4 d6 5. h3 O-O 6. Nf3 c5 7. d5 e5 8.
Bd3 Na6 9. O-O Nc7 10. Be3 Nfe8 11. Qd2 f5 12. Bg5 Nf6 13. Rab1 f4 14. b4 b6
15. bxc5 bxc5 16. Nb5 h6 17. Bxf6 Bxf6 18. Qa5 Nxb5 19. Qxd8 Bxd8 20. cxb5 g5
21. Nd2 g4 22. hxg4 Bxg4 23. f3 Bd7 24. Nc4 Rf6 25. Kf2 Rg6 26. Rh1 Kh7 27. a4
Bc7 28. Rhc1 Rag8 29. Bf1 Bd8 30. a5 h5 31. b6 axb6 32. axb6 h4 33. Na5 Rg3 34.
Nc6 h3 35. gxh3 Bxh3 36. Bxh3 Rxh3 37. Rh1 Bh4+ 38. Ke2 Rg2+ 39. Kd3 Rxf3+ 40.
Kc4 Re3 41. Rxh4+ Kg6 42. b7 Rxe4+ 43. Kb5 Ree2 44. Rb3 Rb2 45. Rhh3 Rxb3+ 46.
Rxb3 1-0

[Event "Warren (MCO/4/1)"]
[Site "?"]
[Date "1986.??.??"]
[Round "?"]
[White "Daniel, Aaron"]
[Black "Blocker, C.."]
[Result "0-1"]
[WhiteElo "2100"]
[BlackElo "2485"]
[PlyCount "126"]
[EventDate "1986.??.??"]

{4/(1)} 1. d4 Nf6 2. c4 c5 3. d5 b5 4. cxb5 a6 5. bxa6 Bxa6 6. Nc3 d6 7. g3 g6
8. Bg2 Bg7 9. Nf3 Nbd7 10. O-O Nb6 11. Re1 O-O 12. e4 Nfd7 13. Qc2 Nc4 14. Bf4
Qa5 15. Rac1 Rfb8 16. b3 Nce5 17. Nxe5 Nxe5 18. Bxe5 Bxe5 19. Bh3 Bxc3 20. Qxc3
Qxa2 21. Rb1 Qa3 22. e5 Qb4 23. Qc2 c4 24. bxc4 Qxc4 25. Qxc4 Bxc4 26. Rxb8+
Rxb8 27. exd6 exd6 28. Bg2 g5 29. h3 Kg7 30. Bf3 Rb3 31. Be4 Bd3 32. Bg2 Kf6
33. f4 gxf4 34. gxf4 Rb2 35. Kh2 Rd2 36. Kg3 Bc4 37. Be4 Bxd5 38. Bxh7 Rg2+ 39.
Kh4 Be6 40. Be4 Rg8 41. Rh1 d5 42. Bd3 d4 43. Be2 Bf5 44. Rh2 d3 45. Bf3 Ke6
46. Bd1 Rg7 47. Bb3+ Kf6 48. Bd1 Rg8 49. Bf3 Ke7 50. Bd1 f6 51. Bb3 Rg7 52. Bd1
Kd6 53. Bf3 Kc5 54. Ra2 Kd4 55. Bd1 Ke3 56. Ra4 Rh7+ 57. Kg3 Rxh3+ 58. Kg2 Rh7
59. Ra6 Be4+ 60. Kg3 Rg7+ 61. Kh2 f5 62. Bb3 Kxf4 63. Re6 Rh7+ 0-1

[Event "Kalamazoo (WMUSO/1/13)"]
[Site "?"]
[Date "1986.??.??"]
[Round "?"]
[White "Cummings, J.."]
[Black "Peppel, S.."]
[Result "1-0"]
[WhiteElo "1925"]
[BlackElo "1605"]
[PlyCount "53"]
[EventDate "1986.??.??"]

{1/(13)} 1. e4 e5 2. Bc4 Nf6 3. Nf3 Be7 4. Nc3 O-O 5. Nxe5 d6 6. Nf3 Bg4 7. h3
Bxf3 8. Qxf3 c6 9. O-O Nbd7 10. d4 b5 11. Bd3 c5 12. dxc5 Ne5 13. Qe2 b4 14.
Nd5 Nxd5 15. exd5 Bf6 16. c6 Re8 17. Be3 Nxd3 18. Qxd3 Bxb2 19. Rab1 Bc3 20.
Bd4 Qa5 21. Bxc3 bxc3 22. Rfe1 g6 23. Rxe8+ Rxe8 24. Qc4 Rc8 25. Qb4 Qxa2 26.
Qb7 Qa5 27. Qxc8+ 1-0

[Event "Taylor (SEMO/5/5)"]
[Site "?"]
[Date "1986.??.??"]
[Round "?"]
[White "Cummings, J.."]
[Black "Mitchell, S.."]
[Result "0-1"]
[WhiteElo "1940"]
[BlackElo "2080"]
[PlyCount "60"]
[EventDate "1986.??.??"]

{5/(5)} 1. e4 e6 2. d4 a6 3. Nf3 b5 4. c3 Bb7 5. Bd3 c5 6. a4 Be7 7. axb5 axb5
8. Rxa8 Bxa8 9. Bxb5 Bxe4 10. Nbd2 Bc6 11. Bxc6 Nxc6 12. dxc5 Bxc5 13. Ne4 Qe7
14. Qa4 h6 15. Qa8+ Nd8 16. O-O Nf6 17. Qa5 Nxe4 18. b4 Bd6 19. Bb2 O-O 20. b5
Nb7 21. Qa4 Nbc5 22. Qd4 Qf6 23. Rd1 Qxd4 24. Nxd4 Na4 25. Ba1 Nexc3 26. Rd3
Be5 27. Bxc3 Nxc3 28. Rxc3 Bxd4 29. Rc7 Rb8 30. g3 d5 0-1

[Event "Kalamazoo (WMUSO/5/7)"]
[Site "?"]
[Date "1986.??.??"]
[Round "?"]
[White "Cummings, J.."]
[Black "Kung, Fred"]
[Result "1-0"]
[WhiteElo "1925"]
[BlackElo "1770"]
[PlyCount "39"]
[EventDate "1986.??.??"]

{5/(7)} 1. e4 e5 2. Bc4 Nf6 3. Nf3 Nc6 4. d4 exd4 5. Nxd4 Bb4+ 6. c3 Be7 7. O-O
Nxe4 8. Nf5 O-O 9. Qg4 Ng5 10. Nxe7+ Nxe7 11. Qxg5 d5 12. Bd3 Qd6 13. Bf4 Qd8
14. Nd2 Be6 15. Nf3 f6 16. Qg3 Rc8 17. Nd4 Bf7 18. Rae1 Qd7 19. Rxe7 Qxe7 20.
Nf5 1-0

[Event "Taylor (SEMO/1/3)"]
[Site "?"]
[Date "1986.??.??"]
[Round "?"]
[White "Cummings, J.."]
[Black "Hartigan, C.."]
[Result "0-1"]
[WhiteElo "1940"]
[BlackElo "2175"]
[PlyCount "76"]
[EventDate "1986.??.??"]

{1/(3)} 1. e4 d5 2. exd5 Nf6 3. d4 Nxd5 4. c4 Nb6 5. Nf3 Bg4 6. Be2 e6 7. h3
Bh5 8. Nc3 Be7 9. O-O O-O 10. Bf4 Nc6 11. d5 exd5 12. cxd5 Nb4 13. g4 Bg6 14.
d6 Bxd6 15. Bxd6 Qxd6 16. Qxd6 cxd6 17. h4 Rfe8 18. a3 Nc6 19. h5 Be4 20. Ng5
Bc2 21. Rac1 Bb3 22. Bd3 h6 23. Nge4 Ne5 24. Bb5 Red8 25. Be2 Be6 26. f4 Nc6
27. g5 Nd4 28. gxh6 gxh6 29. Bd3 Rac8 30. Kf2 Kf8 31. Ng3 Nd7 32. Ke3 Nb3 33.
Rce1 Nf6 34. Nf5 Ng4+ 35. Ke2 Bxf5 36. Bxf5 Nd4+ 37. Kd2 Nxf5 38. Nd5 Rc5 0-1

[Event "Kalamazoo (WMUSO/3/5)"]
[Site "?"]
[Date "1986.??.??"]
[Round "?"]
[White "Cummings, J.."]
[Black "Everett, Morgan"]
[Result "0-1"]
[WhiteElo "1925"]
[BlackElo "2040"]
[PlyCount "72"]
[EventDate "1986.??.??"]

{3/(5)} 1. e4 c6 2. d4 d5 3. Nc3 dxe4 4. Nxe4 Nf6 5. Ng3 e6 6. Bg5 Qa5+ 7. Bd2
Qc7 8. Nf3 Nbd7 9. c4 c5 10. Be2 b6 11. O-O Bd6 12. Qc2 Bb7 13. d5 exd5 14. Nf5
O-O-O 15. Nxd6+ Qxd6 16. cxd5 Kb8 17. a4 a5 18. Ng5 h6 19. Nh3 Nxd5 20. Rad1
Qf6 21. Qb3 Ne5 22. f4 Nc6 23. Bf3 Nd4 24. Qd3 Nb4 25. Qe3 Rhe8 26. Qa3 Nxf3+
27. gxf3 Rd3 28. Bc3 Qg6+ 29. Kh1 Rxf3 30. Be5+ Rxe5 31. Rxf3 Re2 32. Rg1 Qc2
33. Rxg7 Qe4 34. Ng1 Re3 35. Qa1 Rxf3 36. Nxf3 Qxf3+ 0-1

[Event "Taylor (SEMO/2/3)"]
[Site "?"]
[Date "1986.??.??"]
[Round "?"]
[White "Crooks, J.."]
[Black "Kitts, Gary"]
[Result "1/2-1/2"]
[WhiteElo "1970"]
[BlackElo "2130"]
[PlyCount "67"]
[EventDate "1986.??.??"]

{2/(3)} 1. d4 Nf6 2. Nf3 g6 3. g3 Bg7 4. Bg2 O-O 5. O-O d6 6. c4 Na6 7. Nc3 c5
8. d5 Nc7 9. Qc2 Bd7 10. a4 b6 11. Nd2 a6 12. b3 b5 13. axb5 axb5 14. Bb2 Rxa1
15. Rxa1 Qb8 16. Nd1 bxc4 17. bxc4 Qb7 18. e4 Rb8 19. e5 Nfe8 20. Rb1 Qc8 21.
f4 Na6 22. Ne3 Nb4 23. Qd1 Nd3 24. Bc3 dxe5 25. Rxb8 Qxb8 26. Ne4 exf4 27. Bxg7
Nxg7 28. Qxd3 fxe3 29. Nxc5 Qb2 30. Qxe3 Nf5 31. Qf2 Qc1+ 32. Qf1 Qe3+ 33. Qf2
Qc1+ 34. Qf1 1/2-1/2

[Event "Taylor (SEMO/4/8)"]
[Site "?"]
[Date "1986.??.??"]
[Round "?"]
[White "Crooks, J.."]
[Black "Cummings, J.."]
[Result "0-1"]
[WhiteElo "1970"]
[BlackElo "1940"]
[PlyCount "34"]
[EventDate "1986.??.??"]

{4/(8)} 1. d4 Nf6 2. Nf3 e6 3. e3 c5 4. Bd3 d5 5. c3 Nc6 6. O-O Be7 7. Nbd2 O-O
8. Re1 cxd4 9. exd4 a6 10. Ne5 Nxe5 11. dxe5 Nd7 12. Qh5 g6 13. Qh3 f5 14. exf6
Nxf6 15. Qe3 Ng4 16. Qg3 e5 17. h3 Bh4 0-1

[Event "Monroe (MI Op/3/1)"]
[Site "?"]
[Date "1986.??.??"]
[Round "?"]
[White "Cooper, T.."]
[Black "Poschel, Paul"]
[Result "1/2-1/2"]
[WhiteElo "2145"]
[BlackElo "2285"]
[PlyCount "44"]
[EventDate "1986.??.??"]

{3/(1)} 1. Nf3 d5 2. b3 Nf6 3. Bb2 e6 4. e3 Bd6 5. c4 O-O 6. Be2 c5 7. O-O Nc6
8. cxd5 Nxd5 9. Qc1 e5 10. Nc3 Be6 11. Ne4 Rc8 12. Bb5 f6 13. h3 a6 14. Be2 Qd7
15. d3 Rfd8 16. Qd2 Bf8 17. Rac1 Nb8 18. Rfd1 Qe8 19. Qc2 b6 20. Bf1 a5 21. Qb1
Nc6 22. Ng3 Bf7 1/2-1/2

[Event "Monroe (MI Op/5/10)"]
[Site "?"]
[Date "1986.??.??"]
[Round "?"]
[White "Cooper, T.."]
[Black "Mason, D.."]
[Result "1/2-1/2"]
[WhiteElo "2145"]
[BlackElo "2070"]
[PlyCount "74"]
[EventDate "1986.??.??"]

{5/(10)} 1. Nf3 Nf6 2. b3 d5 3. e3 c5 4. Bb2 e6 5. Ne5 a6 6. Be2 Bd6 7. f4 O-O
8. O-O Qc7 9. Bd3 Ne4 10. Nc3 f5 11. Bxe4 dxe4 12. Ne2 Nc6 13. Nxc6 Qxc6 14.
Ng3 b5 15. Nh5 Rf7 16. g4 g6 17. Nf6+ Kf8 18. g5 Be7 19. Qe1 Bxf6 20. Bxf6 Raa7
21. Be5 Rad7 22. h4 Bb7 23. h5 gxh5 24. Rd1 Ke8 25. Qh4 Rf8 26. Bf6 Rg8 27.
Qxh5+ Rf7 28. Rf2 Rg6 29. Kf1 b4 30. Ke1 Kd7 31. d3 Kc7 32. Be5+ Kb6 33. d4 c4
34. Qe2 c3 35. a4 a5 36. Qf1 Ba6 37. Qh1 Rd7 1/2-1/2

[Event "Dearborn (MEX/1)"]
[Site "?"]
[Date "1986.??.??"]
[Round "?"]
[White "Cooper, T.."]
[Black "Lindsay, F.."]
[Result "1/2-1/2"]
[WhiteElo "2120"]
[BlackElo "2360"]
[PlyCount "87"]
[EventDate "1986.??.??"]

1. e4 e6 2. d4 d5 3. Nc3 Bb4 4. e5 c5 5. a3 Bxc3+ 6. bxc3 Ne7 7. Nf3 Qa5 8. Qd2
Nbc6 9. dxc5 Ng6 10. Be2 Ncxe5 11. Nxe5 Nxe5 12. Qd4 f6 13. Qb4 Qc7 14. Bf4 O-O
15. O-O Bd7 16. Rab1 Rab8 17. Qd4 Rfc8 18. Bb5 Bxb5 19. Rxb5 b6 20. cxb6 Rxb6
21. Rxb6 axb6 22. h3 Qxc3 23. Bxe5 fxe5 24. Qxb6 Kf7 25. a4 Qxc2 26. a5 Qc5 27.
Qb2 Qxa5 28. Qxe5 Qc3 29. Qh5+ Kg8 30. f4 Rf8 31. Qe2 Qd4+ 32. Kh2 e5 33. g3
exf4 34. Qe6+ Kh8 35. Rxf4 Qd2+ 36. Kg1 Ra8 37. Rf2 Qd4 38. Kg2 h6 39. h4 Qc5
40. Rd2 d4 41. Qd7 Rf8 42. Qxd4 Qc6+ 43. Qd5 Qc1 44. Rf2 1/2-1/2

[Event "Monroe (MI Op/7/8)"]
[Site "?"]
[Date "1986.??.??"]
[Round "?"]
[White "Cooper, T.."]
[Black "Levine, H.."]
[Result "1/2-1/2"]
[WhiteElo "2145"]
[BlackElo "2035"]
[PlyCount "53"]
[EventDate "1986.??.??"]

{7/(8)} 1. Nf3 Nf6 2. b3 g6 3. g3 Bg7 4. Bb2 d5 5. Bg2 c5 6. O-O Nc6 7. c4 d4
8. d3 O-O 9. Na3 e5 10. Nc2 Nd7 11. a3 a5 12. e3 Rb8 13. exd4 exd4 14. a4 Nde5
15. Nxe5 Nxe5 16. Bc1 Bg4 17. f3 Bf5 18. Bf4 Bxd3 19. Bxe5 Bxc2 20. Qxc2 Bxe5
21. Qd3 f5 22. f4 Bg7 23. Rae1 Re8 24. Rxe8+ Qxe8 25. Kf2 Qe3+ 26. Qxe3 dxe3+
27. Kxe3 1/2-1/2

[Event "Dearborn (MEX/3)"]
[Site "Dearborn"]
[Date "1986.??.??"]
[Round "?"]
[White "Cooper, T.."]
[Black "Kulbacki, James"]
[Result "1-0"]
[WhiteElo "2120"]
[BlackElo "2045"]
[PlyCount "59"]
[EventDate "1986.??.??"]

1. Nf3 d5 2. b3 Nf6 3. Bb2 Bf5 4. g3 e6 5. Bg2 c6 6. O-O Nbd7 7. d3 Be7 8. Nbd2
O-O 9. e3 h6 10. Qe2 Bh7 11. e4 b5 12. e5 Ne8 13. a3 Qb6 14. Kh1 Nc7 15. Ne1 c5
16. f4 Rae8 17. Nef3 c4 18. b4 Nb8 19. Nd4 Nc6 20. N2f3 Nxd4 21. Bxd4 Qc6 22.
Bxa7 cxd3 23. cxd3 Ra8 24. Rfc1 Qd7 25. Bc5 Ra6 26. Bxe7 Qxe7 27. Qc2 Na8 28.
Bf1 Nb6 29. Nd4 Qd7 30. Qc6 1-0

[Event "Warren (MCO/2/5)"]
[Site "?"]
[Date "1986.??.??"]
[Round "?"]
[White "Cooper, T.."]
[Black "Haakonstad, Olaf"]
[Result "1-0"]
[WhiteElo "2175"]
[BlackElo "1820"]
[PlyCount "117"]
[EventDate "1986.??.??"]

{2/(5)} 1. e4 e5 2. Nf3 Nc6 3. Bb5 a6 4. Bxc6 dxc6 5. Nc3 Bg4 6. h3 Bxf3 7.
Qxf3 Qf6 8. Qg3 Bd6 9. d3 Ne7 10. O-O Qg6 11. Qxg6 Nxg6 12. Ne2 O-O-O 13. Ng3
Ne7 14. Be3 h5 15. Rae1 h4 16. Ne2 f5 17. Bg5 Rh5 18. Bxe7 Bxe7 19. exf5 Rxf5
20. Nc3 Bc5 21. Nd1 Rdf8 22. Ne3 Bxe3 23. Rxe3 Kd7 24. f3 Kd6 25. Rfe1 R8f7 26.
Re4 g5 27. b4 R7f6 28. c4 b6 29. d4 Re6 30. Kf2 c5 31. bxc5+ bxc5 32. d5 Re8
33. Rb1 Rf4 34. Rb7 Ref8 35. Ke3 R8f6 36. Ra7 Kd7 37. Rxe5 Rxc4 38. Rxg5 Ra4
39. Rg7+ Kd6 40. Raxc7 Kxd5 41. Rcd7+ Kc6 42. Rd2 Re6+ 43. Kf2 Re5 44. Rg4 Kb5
45. Rxa4 Kxa4 46. f4 Re8 47. Kf3 Rg8 48. f5 c4 49. Rf2 Kb5 50. f6 c3 51. f7 Rf8
52. Ke3 Kb4 53. Kd3 Rd8+ 54. Kc2 Rf8 55. Rf3 a5 56. Rf5 a4 57. Rf6 Ka3 58. Rf4
Rg8 59. fxg8=R 1-0

[Event "Monroe (RVO/5/5)"]
[Site "?"]
[Date "1986.??.??"]
[Round "?"]
[White "Cooper, T.."]
[Black "Groeller, W.."]
[Result "1/2-1/2"]
[WhiteElo "2145"]
[BlackElo "2195"]
[PlyCount "36"]
[EventDate "1986.??.??"]

{5/(5)} 1. e4 c5 2. b4 cxb4 3. Bb2 e6 4. Nf3 Nc6 5. d4 d5 6. e5 f5 7. exf6 Nxf6
8. Bd3 Bd6 9. a3 O-O 10. axb4 Nxb4 11. O-O Qb6 12. Ba3 Bd7 13. Bxb4 Bxb4 14. c3
Bd6 15. Nbd2 Qc7 16. Qb3 b6 17. Rfe1 Rfe8 18. h3 e5 1/2-1/2

[Event "Monroe (RVO/3/2)"]
[Site "?"]
[Date "1986.??.??"]
[Round "?"]
[White "Cooper, T.."]
[Black "Finegold, Ben"]
[Result "0-1"]
[WhiteElo "2145"]
[BlackElo "2445"]
[PlyCount "32"]
[EventDate "1986.??.??"]

{3/(2)} 1. Nf3 Nf6 2. b3 b6 3. g3 Bb7 4. Bg2 g6 5. Bb2 Bg7 6. c4 c5 7. O-O O-O
8. Nc3 d6 9. d4 cxd4 10. Nxd4 Bxg2 11. Kxg2 d5 12. cxd5 Nxd5 13. Rb1 Nxc3 14.
Bxc3 Qc8 15. Rc1 Rd8 16. Qe1 Bxd4 0-1

[Event "Warren (MCO/4/3)"]
[Site "?"]
[Date "1986.??.??"]
[Round "?"]
[White "Cooper, T.."]
[Black "Eagle, Chris"]
[Result "1/2-1/2"]
[WhiteElo "2175"]
[BlackElo "1925"]
[PlyCount "89"]
[EventDate "1986.??.??"]

{4/(3)} 1. Nf3 c5 2. b3 g6 3. Bb2 Nf6 4. c4 Bg7 5. g3 O-O 6. Bg2 Nc6 7. O-O d6
8. d4 Qc7 9. d5 Nb8 10. Nc3 a6 11. Qd2 Nbd7 12. e4 Rb8 13. a4 Re8 14. Rfe1 Ne5
15. Nxe5 dxe5 16. Rad1 Rd8 17. Qe2 Qb6 18. Qc2 Qc7 19. Bc1 Bg4 20. f3 Bd7 21.
Bf1 Qd6 22. f4 Nh5 23. f5 Kh8 24. Be2 Rg8 25. Kh1 b6 26. Rg1 Nf6 27. g4 Ne8 28.
Be3 h6 29. Rg3 g5 30. Qd2 Bf6 31. Kg2 Kg7 32. h4 Kf8 33. hxg5 Bxg5 34. Rh1 f6
35. Rgh3 Ng7 36. Bxg5 hxg5 37. Bd3 Ke8 38. Kf3 Kd8 39. Rh6 Kc7 40. Rh7 Kb7 41.
R1h6 Ne8 42. Qh2 Nc7 43. Qh5 Be8 44. Qh2 Bd7 45. Qh5 1/2-1/2

[Event "Monroe (RVO/2/6)"]
[Site "?"]
[Date "1986.??.??"]
[Round "?"]
[White "Cooper, T.."]
[Black "Eagle, Chris"]
[Result "1-0"]
[WhiteElo "2145"]
[BlackElo "1925"]
[PlyCount "91"]
[EventDate "1986.??.??"]

{2/(6)} 1. e4 e5 2. Nf3 Nc6 3. Bb5 a6 4. Bxc6 dxc6 5. Nc3 f6 6. d4 exd4 7. Nxd4
Bb4 8. O-O Bxc3 9. bxc3 Ne7 10. Nb3 O-O 11. Qxd8 Rxd8 12. Bf4 Bg4 13. f3 Bh5
14. Bxc7 Rd7 15. Bb6 Nc8 16. Be3 b6 17. Rfd1 Raa7 18. Na5 c5 19. Nc6 Rab7 20.
Rxd7 Rxd7 21. Nb8 Re7 22. g4 Be8 23. Rd1 Kf7 24. Rd8 Na7 25. Nxa6 Nc6 26. Rc8
Ra7 27. Rc7+ Ke6 28. Rxa7 Nxa7 29. Nc7+ Kd7 30. Nxe8 Kxe8 31. a4 Nc6 32. Kf2
Kd7 33. Ke2 Ke6 34. f4 h6 35. h4 g5 36. hxg5 hxg5 37. fxg5 Ne5 38. gxf6 Nxg4
39. Bg5 Ne5 40. Bf4 Kxf6 41. Bxe5+ Kxe5 42. Ke3 Ke6 43. c4 Ke5 44. c3 Ke6 45.
Kf4 Kf6 46. e5+ 1-0

[Event "Monroe (MI Op/1a/6)"]
[Site "?"]
[Date "1986.??.??"]
[Round "?"]
[White "Cooper, T.."]
[Black "Conley, Steve"]
[Result "1-0"]
[WhiteElo "2145"]
[BlackElo "1845"]
[PlyCount "83"]
[EventDate "1986.??.??"]

1. e4 e6 2. d4 d5 3. Nc3 Nf6 4. Bg5 Be7 5. e5 Ne4 6. Bxe7 Nxc3 7. Bxd8 Nxd1 8.
Bxc7 Nxb2 9. Bd6 a6 10. Rb1 Nc4 11. Bxc4 dxc4 12. Nf3 b5 13. Bxb8 Rxb8 14. Nd2
Bb7 15. c3 O-O 16. O-O Bc6 17. a3 Rfd8 18. Rb2 Rb7 19. f3 f5 20. Rfb1 Rdb8 21.
Kf2 Bd5 22. Nf1 g6 23. Ne3 Bc6 24. Ke2 Kf7 25. Nc2 a5 26. Ne3 h6 27. h4 h5 28.
Nd1 f4 29. Nf2 Rf8 30. Ne4 Bxe4 31. fxe4 Rfb8 32. Kf3 g5 33. hxg5 Kg6 34. Kxf4
b4 35. axb4 axb4 36. Rxb4 Rxb4 37. Rxb4 Rxb4 38. cxb4 c3 39. Ke3 Kxg5 40. b5 c2
41. Kd2 Kf4 42. b6 1-0

[Event "Warren (MCO/6/1)"]
[Site "?"]
[Date "1986.??.??"]
[Round "?"]
[White "Cooper, T.."]
[Black "Blocker, C.."]
[Result "1/2-1/2"]
[WhiteElo "2125"]
[BlackElo "2475"]
[PlyCount "125"]
[EventDate "1986.??.??"]

{6/(1)} 1. Nf3 Nf6 2. b3 d6 3. d4 Bg4 4. Bb2 Nbd7 5. g3 c6 6. Bg2 Qc7 7. O-O e5
8. c4 Be7 9. Nc3 O-O 10. Qd2 Rfe8 11. e3 h6 12. b4 Bf8 13. a4 a5 14. b5 e4 15.
Ne1 Nb6 16. Qc2 Nxc4 17. Nxe4 Nxe4 18. Bxe4 Nxb2 19. Bf3 Bxf3 20. Nxf3 Nxa4 21.
Rxa4 Rec8 22. Rb1 Be7 23. b6 Qd8 24. Qd2 Ra6 25. Rxa5 Rxb6 26. Rba1 c5 27. Kg2
Bf6 28. R1a2 Qe8 29. R5a4 Rb1 30. Qc2 Rb6 31. Qd2 Rbc6 32. d5 R6c7 33. Qc2 c4
34. Rb4 b5 35. Ra6 Rb7 36. Ra5 Bd8 37. Ra6 Bb6 38. Ra1 Bc5 39. Rbb1 Ra8 40.
Rxa8 Qxa8 41. h4 Rb8 42. e4 f5 43. exf5 Qxd5 44. f6 Rf8 45. Rxb5 Rxf6 46. Rb8+
Rf8 47. Rxf8+ Kxf8 48. Qa2 Kg8 49. Qe2 Qf7 50. Qa2 d5 51. Qa8+ Kh7 52. Qc6 Ba7
53. Qc8 Bb6 54. Qc6 Ba7 55. Qc8 d4 56. Qc6 d3 57. Qe4+ Kh8 58. Qa8+ Qg8 59.
Qxa7 c3 60. Qc5 d2 61. Nxd2 cxd2 62. Qd6 Qa8+ 63. f3 1/2-1/2

[Event "Monroe (MI Op/2/21)"]
[Site "?"]
[Date "1986.??.??"]
[Round "?"]
[White "Conley, Steve"]
[Black "Wygrecki, J.."]
[Result "0-1"]
[WhiteElo "1845"]
[BlackElo "2245"]
[PlyCount "44"]
[EventDate "1986.??.??"]

{2/(21)} 1. d4 Nf6 2. c4 g6 3. Nc3 Bg7 4. Nf3 O-O 5. e3 d6 6. h3 Nbd7 7. Bd3 e5
8. d5 Nc5 9. e4 a5 10. a4 Nfd7 11. O-O f5 12. exf5 gxf5 13. Be2 h6 14. Rb1 f4
15. Nd2 Nf6 16. f3 Bf5 17. Ra1 Qe8 18. Rf2 Qg6 19. Kh1 Nh5 20. Nf1 Bf6 21. Nh2
Bc2 22. Qd2 Nb3 0-1